000 00398nam a2200133Ia 4500
008 151021s9999 xx 000 0 und d
020 _a1583880313
050 _aTL 215 .F7 K556 2000
245 _a_Navy
_Marine Corps Fire apparatus 1836-2000 Photo Gallery
260 _aU.S.A Iconografix 2000
300 _a222p,;Ill
650 _a_Marine Photo Gallery
980 _a^d20120828 11:18:42^okorir
999 _c12564
_d12564